|
|
|
|
| LEADER |
01232nam a2200289 a 4500 |
| 001 |
5865 |
| 003 |
BD-DhAAL |
| 005 |
20150312113010.0 |
| 008 |
150312s1989 maua b 001 0 eng |
| 010 |
|
|
|a 88032722
|
| 020 |
|
|
|a 0534916961
|
| 040 |
|
|
|a DLC
|c DLC
|d DLC
|d BD-DhAAL
|
| 050 |
0 |
0 |
|a HF1017
|b .B33 1989
|
| 082 |
0 |
0 |
|a 519.5
|2 19
|
| 100 |
1 |
|
|a Bechtold, Brigitte.
|9 9481
|
| 245 |
1 |
0 |
|a Statistics for business and economics /
|c Brigitte Bechtold, Ross Johnson.
|
| 260 |
|
|
|a Boston :
|b PWS-KENT Pub. Co.,
|c c1989.
|
| 300 |
|
|
|a xvi, 777 p. :
|b ill. ;
|c 24 cm. +
|
| 500 |
|
|
|a System requirements for computer disk: IBM PC or compatible; minimum 256K; DOS 3.0 or higher; 1-2 disk drives or hard disk; monochrome or color monitor.
|
| 500 |
|
|
|a Software has been compiled by Microsoft QuickBASIC, and the disk includes the Microsoft QuickBASIC runtime module.
|
| 504 |
|
|
|a Includes bibliographies and index.
|
| 650 |
|
0 |
|a Commercial statistics.
|9 7072
|
| 650 |
|
0 |
|a Statistics.
|9 9482
|
| 700 |
1 |
|
|a Johnson, Ross H.
|9 9483
|
| 942 |
|
|
|2 ddc
|c BK
|
| 999 |
|
|
|c 33996
|d 33996
|
| 952 |
|
|
|0 0
|1 0
|2 ddc
|4 0
|6 519_500000000000000_BEC
|7 0
|9 53056
|a SCL
|b SCL
|c GEN
|d 2015-03-12
|e Gift: The Asia Foundation
|l 0
|o 519.5 BEC
|p 3020005865
|r 2015-03-12
|t 1
|w 2015-03-12
|y BK
|